The Japanese steel industry : The era of high profitability opens

সংরক্ষণ করুন:
গ্রন্থ-পঞ্জীর বিবরন
বিন্যাস: গ্রন্থ
ভাষা:Undetermined
প্রকাশিত: Tokyo The Nomura Securities 1980
বিষয়গুলি:
ট্যাগগুলো: ট্যাগ যুক্ত করুন
কোনো ট্যাগ নেই, প্রথমজন হিসাবে ট্যাগ করুন!
Thư viện lưu trữ: Trung tâm Học liệu Trường Đại học Cần Thơ
LEADER 00493nam a2200181Ia 4500
001 CTU_99595
008 210402s9999 xx 000 0 und d
082 |a 338.47669 
082 |b J35 
245 4 |a The Japanese steel industry : 
245 4 |b The era of high profitability opens 
260 |a Tokyo 
260 |b The Nomura Securities 
260 |c 1980 
650 |a Steel industry and trade 
650 |z Japan 
904 |i Truc 
980 |a Trung tâm Học liệu Trường Đại học Cần Thơ